书目信息 |
| 题名: |
丽江打造香格里拉生态旅游区门户枢纽研究
|
|
| 作者: | 杨小明 主编 | |
| 分册: | ||
| 出版信息: | 昆明 云南大学出版社 2020.06 |
|
| 页数: | 144页 | |
| 开本: | 24cm | |
| 丛书名: | ||
| 单 册: | ||
| 中图分类: | F592.774.2 | |
| 科图分类: | ||
| 主题词: | 生态旅游--sheng tai lu^ you--旅游业发展--研究--迪庆藏族自治州 | |
| 电子资源: | ||
| ISBN: | 978-7-5482-3891-1 | |
| 000 | 01050nam0 2200241 450 | |
| 001 | CAL 0120203101405 | |
| 005 | 20230217093112.0 | |
| 010 | @a978-7-5482-3891-1@dCNY50.00 | |
| 100 | @a20201127d2020 em y0chiy0120 ea | |
| 101 | 0 | @achi |
| 102 | @aCN@b530000 | |
| 105 | @ay a 000yy | |
| 106 | @ar | |
| 200 | 1 | @a丽江打造香格里拉生态旅游区门户枢纽研究@Ali jiang da zao xiang ge li la sheng tai lu^ you qu men hu shu niu yan jiu@f主编杨小明@g杨小明 ... [等] 编著 |
| 210 | @a昆明@c云南大学出版社@d2020.06 | |
| 215 | @a144页@d24cm | |
| 320 | @a有书目 (第139-144页) | |
| 330 | @a本书主要包括: 香格里拉生态旅游区概况、加快推进香格里拉区域旅游合作建设研究、香格里拉生态旅游区整体规划建设研究、丽江旅游市场发展和运行情况研究、丽江打造香格里拉生态旅游区门户枢纽的可行性分析、丽江打造香格里拉生态旅游区门户枢纽的方向等六章内容。 | |
| 606 | 0 | @a生态旅游@Asheng tai lu^ you@x旅游业发展@x研究@y迪庆藏族自治州 |
| 690 | @aF592.774.2@v5 | |
| 701 | 0 | @a杨小明@Ayang xiao ming@4主编 |
| 801 | 0 | @aCN@bBJXHZP@c20230222 |
| 905 | @b1378585-7@dF592.774.2@e622@f3 | |
| 丽江打造香格里拉生态旅游区门户枢纽研究/主编杨小明/杨小明 ... [等] 编著.-昆明:云南大学出版社,2020.06 |
| 144页;24cm |
| ISBN 978-7-5482-3891-1:CNY50.00 |
| 本书主要包括: 香格里拉生态旅游区概况、加快推进香格里拉区域旅游合作建设研究、香格里拉生态旅游区整体规划建设研究、丽江旅游市场发展和运行情况研究、丽江打造香格里拉生态旅游区门户枢纽的可行性分析、丽江打造香格里拉生态旅游区门户枢纽的方向等六章内容。 |
| ● |
| 相关链接 |
|
|
|
|
正题名:丽江打造香格里拉生态旅游区门户枢纽研究
索取号:F592.774.2/622
 
预约/预借
| 序号 | 登录号 | 条形码 | 馆藏地/架位号 | 状态 | 备注 |
| 1 | 1378585 | 213785858 | 第一样本阅览室/ [索取号:F592.774.2/622] | 在馆 | |
| 2 | 1378586 | 213785867 | 第一借阅区/ [索取号:F592.774.2/622] | 在馆 | |
| 3 | 1378587 | 213785876 | 第一借阅区/ [索取号:F592.774.2/622] | 在馆 |